Famous People by Pictures - O - Statistics

General Stats
  • This quiz has been taken 65 times
  • The average score is 6 of 15
Answer Stats
Picture Answer % Correct
Ozzy Osbourne
97%
Oprah Winfrey
85%
Oscar Wilde
77%
Olivia Wilde
67%
Orlando Bloom
63%
Olivia Rodrigo
53%
Omar Sharif
35%
Olivia Colman
33%
Octavia Spencer
30%
Olly Murs
23%
Olly Alexander
8%
Olivia Holt
7%
Oceana
0%
Olivia O’Brien
0%
Orson Scott Card
0%
No matching quizzes found
Score Distribution
Percent of People with Each Score
Percentile by Number Answered
Your Score History
You have not taken this quiz